| 000 -LEADER |
| fixed length control field |
00720nam a2200205Ia 4500 |
| 020 ## - INTERNATIONAL STANDARD BOOK NUMBER |
| ISBN |
0072482842 |
| 040 ## - CATALOGING SOURCE |
| Transcribing agency |
JNA |
| 082 ## - DEWEY DECIMAL CLASSIFICATION NUMBER |
| Classification number |
745 HIL 2002 A087 Or. |
| 100 1# - MAIN ENTRY--AUTHOR NAME |
| Personal name |
Stewart, Mary, |
| 245 10 - TITLE STATEMENT |
| Title |
Launching the imagination : |
| Remainder of title |
three-dimensional design / |
| 246 13 - VARYING FORM OF TITLE |
| Title proper/short title |
Launching the imagination. Volume 2: three dimensional design |
| 246 18 - VARYING FORM OF TITLE |
| Title proper/short title |
Launching the imagination 3-D |
| 250 ## - EDITION STATEMENT |
| Edition statement |
1st ed |
| 260 ## - PUBLICATION, DISTRIBUTION, ETC. (IMPRINT) |
| Place of publication |
New York, NY : |
| Name of publisher |
McGraw-Hill Higher Education, |
| Year of publication |
2002 |
| 300 ## - PHYSICAL DESCRIPTION |
| Number of Pages |
1 v. (various pagings) : |
| Other physical details |
ill. (some col.) ; |
| Dimensions |
28 cm. + |
| Accompanying material |
1 CD-ROM (4 3/4 in.) |
| 500 ## - GENERAL NOTE |
| General note |
CD-ROM entitled: Launching the imagination, volumes I, II, & combined / Mary Stewart |
| 650 #0 - SUBJECT ADDED ENTRY--TOPICAL TERM |
| Topical Term |
Design |
| 650 #0 - SUBJECT ADDED ENTRY--TOPICAL TERM |
| Topical Term |
Sculpture |
| 942 ## - ADDED ENTRY ELEMENTS (KOHA) |
| Koha item type |
សៀវភៅភាសាអង់គ្លេស |
| 952 ## - LOCATION AND ITEM INFORMATION (KOHA) |
| Withdrawn status [LOCAL, KOHA] |
0 |